Student key to the practical writer
保存先:
| 第一著者: | |
|---|---|
| フォーマット: | 図書 |
| 言語: | Undetermined |
| 出版事項: |
New York
Harcourt, Brace & World
1968
|
| 主題: | |
| タグ: |
タグ追加
タグなし, このレコードへの初めてのタグを付けませんか!
|
| Thư viện lưu trữ: | Trung tâm Học liệu Trường Đại học Cần Thơ |
|---|
| LEADER | 00604nam a2200193Ia 4500 | ||
|---|---|---|---|
| 001 | CTU_141263 | ||
| 008 | 210402s9999 xx 000 0 und d | ||
| 082 | |a 808.042 | ||
| 082 | |b L827s | ||
| 100 | |a Loewe, Ralph E. | ||
| 245 | 0 | |a Student key to the practical writer | |
| 245 | 0 | |c Ralph E. Loewe | |
| 260 | |a New York | ||
| 260 | |b Harcourt, Brace & World | ||
| 260 | |c 1968 | ||
| 650 | |a English language,Report writing,Tiếng Anh,Phương pháp viết báo cáo | ||
| 650 | |x Rhetoric,Tu từ học | ||
| 904 | |i Trọng Hải | ||
| 980 | |a Trung tâm Học liệu Trường Đại học Cần Thơ | ||